000 00548nam a2200193Ia 4500
003 OSt
005 20250508144032.0
008 210210b1976 xxu||||| |||| 00| 0 eng d
040 _cAL
041 _aKannada
082 _aK894.1 GANS
100 _aGANGADHARA BHATTA (D).
_dಗಂಗಾಧರ (ಭಟ್ಟ ಡಿ)
_9209667
245 _aSubodha Ramayana.S1.
_bಸುಬೋಧ ರಾಮಾಯಣ ಸಂ ೧
260 _aPutturu
_bSahakaravanam
_c1976
300 _a20
690 _aKannada Poetry
_9209668
906 _a032168
942 _2ddc
_cBK
999 _c82929
_d82929